Municipios de Lugo - Estadísticas

Estadísticas generales
  • Esta prueba ha sido intentada 5 veces
  • La puntuación promedio es 43 de 67
Estadísticas de respuestas
Municipio % Correcto
Lugo
100%
Viveiro
100%
Alfoz
80%
Baralla
80%
Becerreá
80%
Burela
80%
Foz
80%
Friol
80%
Guntín
80%
Monforte de Lemos
80%
O Corgo
80%
Outeiro de Rei
80%
O Valadouro
80%
Palas de Rei
80%
Pedrafita do Cebreiro
80%
Pol
80%
Quiroga
80%
Rábade
80%
Ribadeo
80%
Samos
80%
Sarria
80%
Vilalba
80%
Xermade
80%
A Fonsagrada
60%
Antas de Ulla
60%
A Pastoriza
60%
A Pobra de Brollón
60%
A Pontenova
60%
As Nogais
60%
Baleira
60%
Begonte
60%
Bóveda
60%
Carballedo
60%
Castro de Rei
60%
Castroverde
60%
Cervo
60%
Chantada
60%
Cospeito
60%
Folgoso do Courel
60%
Guitiriz
60%
Láncara
60%
Lourenzá
60%
Meira
60%
Mondoñedo
60%
Muras
60%
Navia de Suarna
60%
Negueira de Muñiz
60%
O Páramo
60%
Ourol
60%
O Vicedo
60%
Pantón
60%
Portomarín
60%
Ribas de Sil
60%
Ribeira de Piquín
60%
Riotorto
60%
Sober
60%
Taboada
60%
Triacastela
60%
Xove
60%
Abadín
40%
Barreiros
40%
Cervantes
40%
Monterroso
40%
O Saviñao
40%
Paradela
40%
Trabada
40%
O Inicio
0%
No se encontraron pruebas coincidentes
Distribución de puntuación
Porcentaje de gente con cada puntuación
Porcentaje por número respondido
Historial de tus puntuaciones
No has intentado esta prueba.